Регионална библиотека "Любен Каравелов" - Русе

Извори на здраве (Запис номер 21183)

MARC детайли
000 -Лидер
Контролно поле с фиксирана дължина 02551nam a2200457 c 4500
003 - Код на организацията, давaща контролен номер
Контролно поле BLK
005 - Дата и час на последна редакция
Контролно поле 20180420215645.0
008 - Елементи от данни с фиксирана дължина
fixed length control field 180413b bul|||||r ||||||| ||bul||
010 ## - Наследен системен номер
LC control number KNG00023456000
020 ## - Международен стандартен номер на книга ISBN
Международен стандартен номер на книга ISBN 954-578-118-1
-- издат.: Хелиопол
040 ## - Източник на каталожния запис
Идентификатор на билиотеката - собственик на записа BLK
041 ## - Код за език
Код за езика на текст/звукозапис или на отделно заглавие Български
Код за езика КДБФ Български
072 #7 - Код за тематичната категория
Код организация bullib
Код за тематична категория Л03
Текст Себепознание. Мисловни техники. Психология. Парапсихология
072 #7 - Код за тематичната категория
Код организация bullib
Код за тематична категория Л04
Текст Лечебно хранене
080 ## - УДК
Текстов определител УДК Особености на духовния живот. Съзнание. Духовно развитие на човека. Диференциална психология. Генетична психология. Еволюционна психология
УДК код - определител по УДК 159.922
УДК определител
УДК - код + определител 159.922
080 ## - УДК
Текстов определител УДК Хигиена на духовния живот. Вж и 613.8
УДК код - определител по УДК 159.913
УДК определител
УДК - код + определител 159.913
080 ## - УДК
Текстов определител УДК Хигиена на храненето с продукти от растителен и минерален произход - Вегетарианство;плодове, зеленчуци, корени, растителни масла, консерви и др.
УДК код - определител по УДК 613.26/.27
УДК определител
УДК - код + определител 613.26/.27
080 ## - УДК
Текстов определител УДК Вегетарианска храна
УДК код - определител по УДК 641.564
УДК определител
УДК - код + определител 641.564
100 1# - Редна дума - Автор
Автор Рощина, Тамара Василиевна
Авторска отговорност първи автор
R(LIN) 265486
139 ## - Редно поле
Редна дума Рощина, Тамара Василиевна
Авторски знак Роч - Р 88
245 10 - Сведения за заглавието
Заглавие Извори на здраве
Редно поле (дума) Тамара Василиевна Рощина; прев. от рус. Мирена Велчева.
257 ## - Страна на издаване
Страна на създаване/издаване Русия
260 ## - Област на издателските данни
-- София
Име на издателя, разпространителя и проч. Хелиопол
Година на издаване 1998
Печатница Ямбол : Светлина
300 ## - Физическа характеристика
Страници 227 с.
Размери/Мащаб 20 см
380 ## - Жанр
Жанр Философия
500 ## - Общи забележки
Забележка Ориг. загл. Истоки здоровья / Т. В. Рощина, В. А. Боровик. - 2 000 тир.
650 #4 - Допълнително описание по предмет – тема
Основно описание – тема или топоним Личност - духовно усъвършенстване - психологични и религиозноетични проблеми
9 (RLIN) 261412
650 #4 - Допълнително описание по предмет – тема
Основно описание – тема или топоним Здраве
9 (RLIN) 155895
650 #4 - Допълнително описание по предмет – тема
Основно описание – тема или топоним Вегетарианство
9 (RLIN) 150453
650 #4 - Допълнително описание по предмет – тема
Основно описание – тема или топоним Ястия, вегетариански - рецепти
9 (RLIN) 244346
653 ## - Ключова дума – ненормативна
Ключова дума здраве
653 ## - Ключова дума – ненормативна
Ключова дума вегетарианство
653 ## - Ключова дума – ненормативна
Ключова дума психология на личността
659 ## - Тематичен бюлетин
Тематичен бюлетин Л
700 1# - Други автори (авторска отговорност)
Лично име Велчева, Мирена
Автороска отговорност (Описва отношението между автора и произведението) прев. от рус.
9 (RLIN) 265487
852 ## - Местоположение
Форматна сигнатура Цб 197647
856 4# - Електронен адрес и достъп
Електронен формат pdf - файл
Път до файла /url/
856 4# - Електронен адрес и достъп
Електронен формат pdf - файл
Път до файла /url/
942 ## - АРТИКУЛИ
Вид на библиотечния материал Книги
Скрит в OPAC Не
944 ## - СЪЗДАВАНЕ И РЕДАКЦИЯ на ЗАПИСА
Създаване/Редакция Създаване
Дата на регистрацията/редакция 15.01.2003
Служител, извършил регистрацията/редакцията Диана_Димитрова
944 ## - СЪЗДАВАНЕ И РЕДАКЦИЯ на ЗАПИСА
Създаване/Редакция Редакция
Дата на регистрацията/редакция 10.06.2013
Служител, извършил регистрацията/редакцията
999 ## - СИСТЕМНИ КОНТРОЛНИ НОМЕРА
Koha biblionumber 21183
Koha biblioitemnumber 21183
Наличности
Код за отписване Код за изгубен артикул Източник на класификационната схема Код за повреда Коз за рестрикции Код за отдаване Артикулен № Име на библиотеката - собственик Име на библиотеката, в която се намира в момента Статус (Текущо местоположение) Дата на вписване в системата Местоположение - отдел Цена в лева Инвентарен номер Систематично азбучна сигнатура Баркод Номер на екземпляра Цена в евро Служебна бележка Служебен тип на артикула
  Не е изгубен Universal Decimal Classification Не е повреден без рестрикции ползва се в читалня 35018 Регионална библиотека "Любен Каравелов" Русе Регионална библиотека "Любен Каравелов" Русе Хранилище 2001-01-01 Хранилище 2.80 642635 Цб 197647 120000642635 1 1.43 Дост: Dp Вид: Д N: стар фонд Дата: 01.01.1998 Книги
Изтеглен Не е изгубен Universal Decimal Classification Не е повреден без рестрикции заемане за дома 35019 Регионална библиотека "Любен Каравелов" Русе Регионална библиотека "Любен Каравелов" Русе Заемна - подръчен фонд 1998-01-01 Заемна - подръчен фонд 2.80 655141 П 159.92/Р 88 655141 2 1.43 Дост: Pk Вид: Ф N: стар фонд Дата: 01.01.1998 Дата инв: 01.02.2018 Бележки инв: П2018 Книги
Vip Innovations Ltd, Rousse, Bulgaria 2025